[Event "Moscow op-E"]
[Site "Moscow"]
[Date "2011.02.05"]
[Round "8.177"]
[White "Borisov, Evgenij"]
[Black "Sorokin, Adones"]
[Result "1-0"]
[WhiteElo "2115"]
[BlackElo "1938"]
[PlyCount "89"]
[EventDate "2011.01.29"]
[EventType "swiss"]
[EventRounds "9"]
[EventCountry "RUS"]
[SourceTitle "EXT 2022"]
[Source "ChessBase"]
[SourceDate "2021.10.06"]
[SourceVersion "1"]
[SourceVersionDate "2021.10.06"]
[SourceQuality "1"]

1. d4 f5 2. Nc3 d5 3. Bg5 Nf6 4. Bxf6 exf6 5. e3 Bb4 6. Nge2 0-0 7. a3 Ba5 8. g3 c6 9. h4 Re8 10. Bh3 Bd7 11. Qd3 Qc8 12. 0-0-0 b5 13. b4 Bc7 14. Kd2 a5 15. Ra1 Na6 16. Na2 Bd6 17. c3 Nc7 18. Nf4 Re7 19. Rhb1 Ne8 20. Bg2 Kh8 21. Nc1 a4 22. Qe2 g5 23. hxg5 fxg5 24. Nh5 f4 25. gxf4 gxf4 26. Nd3 fxe3+ 27. fxe3 Bf5 28. Rf1 Ng7 29. Nhf4 Qc7 30. Qf2 Rf7 31. Qh4 Raf8 32. Bh3 Be4 33. Rg1 Rf6 34. Rg5 Bxd3 35. Nxd3 Nf5 36. Bxf5 Rxf5 37. Rag1 Rxg5 38. Qxg5 Qf7 39. Ne5 Bxe5 40. Qxe5+ Qf6 41. Kd3 Qxe5 42. dxe5 Rf5 43. Kd4 Rf7 44. e6 Rg7 45. Rf1 1-0

[Event "Moscow op-B"]
[Site "Moscow"]
[Date "2009.11.20"]
[Round "1"]
[White "Bereznev, Andrey"]
[Black "Borisov, Evgenij"]
[Result "1-0"]
[WhiteElo "2122"]
[BlackElo "1400"]
[PlyCount "45"]
[EventDate "2009.01.31"]
[EventType "swiss"]
[EventRounds "9"]
[EventCountry "RUS"]
[SourceTitle "EXT 2012"]
[Source "ChessBase"]
[SourceDate "2011.11.24"]
[SourceVersion "1"]
[SourceVersionDate "2011.11.24"]
[SourceQuality "1"]

1. d4 Nf6 2. c4 c6 3. Nc3 d6 4. e4 e5 5. Nf3 Bg4 6. dxe5 Bxf3 7. gxf3 dxe5 8. Qxd8+ Kxd8 9. f4 Bc5 10. Rg1 Re8 11. Rxg7 exf4 12. Bxf4 Nbd7 13. Rxf7 Re7 14. Rxe7 Kxe7 15. Bh3 Rg8 16. Ke2 Nb6 17. b3 Bd4 18. Rc1 Ng4 19. Rg1 h5 20. Nd1 Nd7 21. Ne3 Bxe3 22. Bxe3 Ndf6 23. f3 1-0

[Event "Moscow op-B"]
[Site "Moscow"]
[Date "2009.02.06"]
[Round "7"]
[White "Chapygin, Sergey"]
[Black "Borisov, Evgenij"]
[Result "0-1"]
[WhiteElo "2085"]
[BlackElo "1400"]
[PlyCount "78"]
[EventDate "2009.01.31"]
[EventType "swiss"]
[EventRounds "9"]
[EventCountry "RUS"]
[SourceTitle "EXT 2012"]
[Source "ChessBase"]
[SourceDate "2011.11.24"]
[SourceVersion "1"]
[SourceVersionDate "2011.11.24"]
[SourceQuality "1"]

1. d4 Nf6 2. Nf3 c6 3. b3 d6 4. Nbd2 Bf5 5. Bb2 g6 6. Nh4 Bc8 7. e4 Bg7 8. Be2 0-0 9. 0-0 c5 10. c3 e5 11. dxc5 dxc5 12. Nhf3 Nc6 13. Qc2 Nh5 14. Rfd1 Nf4 15. Nc4 Qe7 16. Ne3 Be6 17. Bc4 Rad8 18. Rxd8 Rxd8 19. Rd1 Bxc4 20. Nxc4 b5 21. Ne3 b4 22. g3 bxc3 23. Bxc3 Nd4 24. Bxd4 cxd4 25. gxf4 dxe3 26. Rxd8+ Qxd8 27. fxe3 exf4 28. exf4 Bh6 29. f5 Bf4 30. Qc4 Qf6 31. Kg2 g5 32. Qd4 Qd6 33. Qf2 Qd3 34. h4 h6 35. hxg5 hxg5 36. Kh3 Qxe4 37. Qg2 Qxf5+ 38. Qg4 Qh7+ 39. Kg2 f5 0-1